Statistiche per Maggior numero di Chilometri percorsi in Formula 1

Clicka qui per fare il quiz!

Statistiche generali

  • Questo quiz è stato fatto 14 volte
  • Il punteggio medio è 10 su 12

Statistiche sulle risposte

NazioneChilometri percorsiPilota% Corretto
Spagna100 848Fernando Alonso
100%
Finlandia92 636Kimi Räikkönen
100%
Regno Unito93 839Lewis Hamilton
100%
Germania81 208Michael Schumacher
100%
Germania82 929Sebastian Vettel
100%
Messico70 871Sergio Pérez
92%
Australia64 931Daniel Ricciardo
83%
Regno Unito80 863enson Button
83%
Brasile74 339Felipe Massa
75%
Brasile80 607Rubens Barrichello
75%
Finlandia61 750Valtteri Bottas
75%
Italia60 403Jarno Trulli
58%

Distribuzione punteggi

Percentile per numero di risposta

Percentuale di utenti per punteggio

I tuoi punteggi nel tempo

Non hai fatto questo quiz